Statistics for Can you guess every suburb on sydneys northern beaches?

Click here to take the quiz!

General Stats

  • This quiz has been taken 119 times
  • The average score is 13 of 47

Answer Stats

Answer% Correct
Pittwaterpalm beach
76%
Pittwatermona vale
61%
Pittwateravalon
60%
Warringahnarrabeen
55%
Warringahcurl curl
51%
Warringahcollaroy
49%
Warringahmanly vale
48%
Warringahbrookvale
48%
Pittwaterwhale beach
48%
Warringahfreshwater
47%
Warringahseaforth
46%
Pittwaternewport
44%
Manlybalgowlah
43%
Warringahqueenscliff
38%
Pittwaterwarriewood
34%
Warringahnarraweena
31%
Manlyfairlight
31%
Warringahcromer
31%
Warringahallambie heights
30%
Manlyclontarf
29%
Warringahnorth manly
28%
Manlybalgowlah heights
26%
Pittwaternorth narrabeen
24%
Warringahbelrose
23%
Pittwaterscotland island
23%
Pittwaterchurch point
21%
Warringahnorth balgowlah
21%
Pittwaterbayview
20%
Warringahkillarney heights
19%
Pittwaterbilgola plateau
18%
Warringahbeacon hill
18%
Warringahdavidson
17%
Warringahterrey hills
17%
Pittwaterelanora heights
16%
Warringahoxford falls
13%
Pittwateringleside
13%
Warringahduffys forest
12%
Warringahwheeler heights
11%
Warringahcottage point
10%
Pittwatercoasters retreat
9%
Pittwaterelvina bay
7%
Pittwaterlovett bay
5%
Pittwatermorning bay
5%
Pittwatercareel bay
2%
Pittwatermccars creek
1%
Pittwatermackeral beach
0%
Pittwaterclarevile
0%

Score Distribution

Percentile by Number Answered

Percent of People with Each Score

Your Score History

You have not taken this quiz